Get the Picture: Big 4 'E' All-Stars Quiz Stats

 Plays Quiz Updated Jul 6, 2019

Score 0/12 Timer 01:30
3 Plays Today
Question Answer Wrong Answers
Julius Erving NBA
88.3%
MLB
3.7%
NFL
1.9%
NHL
1.5%
Patrick Ewing NBA
86.5%
MLB
3.7%
NFL
2.6%
NHL
2.6%
John Elway NFL
82.1%
MLB
6.8%
NBA
3.2%
NHL
3.2%
Patrik Eliáš NHL
76.7%
MLB
8.6%
NBA
5.7%
NFL
3.7%
Ezekiel Elliott NFL
74%
MLB
7.1%
NBA
8.4%
NHL
5.7%
Dennis Eckersley MLB
71.9%
NBA
6.3%
NFL
5.9%
NHL
10.9%
Jacoby Ellsbury MLB
69.6%
NBA
6.4%
NFL
8%
NHL
10.9%
Alex English NBA
64.7%
MLB
12.4%
NFL
6%
NHL
11.9%
Jim Edmonds MLB
64.3%
NBA
7.3%
NFL
11.7%
NHL
11.6%
Phil Esposito NHL
60.2%
MLB
26.7%
NBA
3.4%
NFL
4.8%
Kenny Easley NFL
36.6%
MLB
24.9%
NBA
19.4%
NHL
13.9%
Don Edwards NHL
33.3%
MLB
28.3%
NBA
13.9%
NFL
19.4%

Today's Daily Dose

Missing Word
Celine Dion

Word Ladder
Dr. Seuss Books

Quick Pick
Cities in India

Get the Picture
'A' Actresses

You're not logged in!

Compare scores with friends on all Sporcle quizzes.
OR
Log In

Sporcle TV

Today on Sporcle TV


Watch our educational content, quiz creation guides, and fun videos on Sporcle TV.

Show Comments

Extras

Top Quizzes Today


Score Distribution

Your Account Isn't Verified!

In order to create a playlist on Sporcle, you need to verify the email address you used during registration. Go to your Sporcle Settings to finish the process.

Report this User

Report this user for behavior that violates our Community Guidelines.

Details: